Städteraten - Italien - Statistiken

Allgemein
  • Dieses Quiz wurde 109 mal gespielt
    107 seit der letzten Aktualisierung
  • Das Durchschnittsergebnis liegt bei 11 aus 15
Antwortstatistiken
Hint Antwort % Korrekt
Die Stadt mit dem schiefen Turm Pisa
100%
Internationale Modestadt und Finanzzentrum Mailand
99%
Geburtsort der klassischen italienische Pizza Neapel
99%
Die auf dem Wasser gebaute Lagunen-Stadt Venedig
99%
Zentrum eines ehemaligen Imperiums Rom
98%
Ehemalige Hauptstadt Italiens Florenz
91%
Hauptort des Piemont in Norditalien Turin
89%
Romeo und Julia spielt in dieser Stadt Verona
86%
Geburtsstadt des Kolumbus Genua
85%
Metropole auf der größten Mittelmeer-Insel Palermo
82%
Hier lebte der Heilige Franz von ... Assisi
69%
Im Mittelalter die Stadt der Geschlechtertürme Bologna
61%
Perle der italienischen Gotik in der Toskana Siena
44%
Ehemalige Hauptstadt des Römischen Reiches Ravenna
21%
In der Po-Ebene, Hauptort gleichnamiger Provinz Padua
16%
Keine übereinstimmenden Quizze gefunden
Verteilung der Resultate
Anzahl Personen mit jedem Resultat
Perzentil nach korrekt beantworteten Fragen
Ihre Resultats-Entwicklung
Sie haben dieses Quiz seit der letzten Aktualisierung nicht gespielt